MICROSOFT OFFICE PROJECT PROFESSIONAL 20 (Record no. 34891)

MARC details
000 -LEADER
fixed length control field 00259nam a2200109Ia 4500
008 - FIXED-LENGTH DATA ELEMENTS--GENERAL INFORMATION
fixed length control field 240625s9999 xx 000 0 und d
041 ## - LANGUAGE CODE
Language code of text/sound track or separate title eng
082 ## - DEWEY DECIMAL CLASSIFICATION NUMBER
Classification number 005.57 MIC
100 ## - MAIN ENTRY--PERSONAL NAME
Personal name MICROSOFT
245 ## - TITLE STATEMENT
Title MICROSOFT OFFICE PROJECT PROFESSIONAL 20
260 ## - PUBLICATION, DISTRIBUTION, ETC.
Date of publication, distribution, etc. 2003
Holdings
Withdrawn status Lost status Damaged status Not for loan Home library Current library Shelving location Date acquired Full call number Barcode Date last seen Price effective from Koha item type
        IMTN IMTN Rack 3-A 06/12/2013 005.57 MIC CD1919 06/25/2024 06/25/2024 CD
Designed & Maintained by: LRC IMT Nagpur Contact: lrc@imtnag.ac.in© 2024. All Rights Reserved.